| 000 | 00563nam a22001937a 4500 | ||
|---|---|---|---|
| 003 | OSt | ||
| 005 | 20260422081126.0 | ||
| 008 | 260422b |||||||| |||| 00| 0 eng d | ||
| 020 | _a0-7674-2542-1 | ||
| 040 |
_aDWC-Main lib _cOC |
||
| 082 | _aCirc. 792.028 C678 2002 | ||
| 100 | _aCohen, Robert | ||
| 245 |
_aAdvanced acting : _bstyle, character and performance _cRobert Cohen |
||
| 260 |
_aBoston : _bMcGraw-Hill, _cc2002. |
||
| 300 |
_axx, 268 pages ; _c24 cm. |
||
| 504 | _aIncludes index | ||
| 650 | _a1. Acting (Arts) | ||
| 942 |
_2ddc _cBK-CIRC _hCirc. _n0 |
||
| 999 |
_c9722 _d9722 |
||